Statistics for All 10 Yandere Simulator Rivals

Click here to take the quiz!

General Stats

  • This quiz has been taken 236 times
    (225 since last reset)
  • The average score is 5 of 10

Answer Stats

HintRival% Correct
Tsundere, Childhood friends with SenpaiOsana Najimi
97%
Cooking Club President, Very friendly to SenpaiAmai Odayaka
70%
Occult Club President, interested in anything occult-wiseOka Ruto
59%
Drama Club President, HimedereKizana Sunobu
57%
Sports Club President, Acts very encouraging to othersAsu Rito
50%
Subsitute Teacher, very sultry and seductiveMida Rana
40%
Subsitute Nurse, Very innocent and gentleMuja Kina
39%
Senpai's Sister, Wants nothing but Senpai's timeHanako Yamada
36%
Leader of Delinquent's Gang, Strongest girl in schoolOsoro Shidesu
32%
Student Council President, Daughter of Saikou Corp. ownerMegami Saiko
31%

Score Distribution

Percentile by Number Answered

Percent of People with Each Score

Your Score History

You have not taken this quiz since the last reset